| 000 | 00583nam a2200181 i 4500 | ||
|---|---|---|---|
| 001 | 100378 | ||
| 003 | ES-MaACL | ||
| 005 | 20250928120456.0 | ||
| 007 | t| | ||
| 008 | 050926s1921 sp ||||1| spa d | ||
| 100 | 1 |
_aMas y Magro, Francisco. _978653 |
|
| 245 | 1 | 3 |
_aLa fórmula leucocitaria y su valor clínico / _cFrancisco Mas y Magro; prólogo del Dr. D. Teófilo Hernando. |
| 260 |
_aMadrid : _bSaturnino Calleja, _c1921. |
||
| 300 |
_a242 p., 1 lám. ; _c19 cm. |
||
| 700 | 1 |
_aHernando, Teófilo, _d1881-1976 _963094 |
|
| 852 |
_aES-MaACL _jE-271 |
||
| 999 |
_c100378 _d100378 |
||